Statistiques concernant Featuring de Naps

Cliquez ici pour prendre le quiz!

Statistiques générales

  • Ce quiz a été pris 104 fois
  • Le résultat moyen est 19 sur 105

Statistiques - réponses

TitreArtiste% Correct
Sans limites / Mek du binks / Avengers / La seleçao / Le classico organisé / Coeur de pirate / C'est la cité / Guytoune / Bande organisée / Les Galactiques / Quitte à les décevoir / Toda la noche / Papier rose / Heetch / On se connaît / Le monde est à nous / War zone / 13 balles / C'est maintenantJul
91%
6.3 / C'est carré le S / Tout va bienNinho
81%
La danse des bandits / Avengers / Dreamlife / Le classico organisé / Coffre-fort / Bande organisée / C'est maintenantSCH
81%
Vamos / C'est carré le S / Le classico organiséGazo
73%
Le classico organisé / Bande organisée / Riz au lait / Air Bel Gang / 13 balles / C'est maintenantKofs
69%
Dans le block / Bogota / Tout va bien / La Seleçao / Les Galactiques / Les 4 fantastiques / War zone / C'est maintenantAlonzo
66%
Best life / Les Galactiques / Enfants de la patrieGims
58%
La danse du roro / Le classico organisé / DoudouKoba LaD
58%
Le classico organisé / Bande organisée / Les GalactiquesSoso Maness
56%
Favela / Medellin / Poropop / Tagada / Sel3a / BebetoSoolking
52%
Le classico organiséPLK
48%
PurpleGambi
47%
Rappelle-toiHeuss L'Enfoiré
47%
Coeur de pirate / Bande organisée / TataElams
45%
Pochon bleu / J'me casse / Air Bel GangYL
44%
Zeillo / Pochon bleu / Callage / Dans la Cristaline / Elle t'a piqué / Monte carloGraya
42%
VVS / Les GalactiquesKaaris
41%
Pourcent / La danse du roroMaes
41%
Parle pas de nous / Sur le banc / Poropop / Chicha kaloudSofiane
41%
Momo design / Mektoub / Evidemment / Sur le banc / Ex / Elle / Avengers / Chicha kaloud / Ma best / Faut s'tailler / 4 anneaux gris / Fast life / Sativa / Zeillo / Pas Bella / Pochon bleu / 6 litres 3 / En boucle / KnkKalif Hardcore
39%
Capuchés / Les 4 fantastiques / BebetoSoprano
39%
Bande organisée / Air Bel Gang / War zoneHouari
38%
Papier rose / 13 balles100 Blaze
34%
Parle pas de nous / Tagada / AlarkebienLe Rat Luciano
34%
FortunéLacrim
33%
Bande organiséeSolda
33%
C'est la guerre / Les Galactiques / AntibiotiqueRohff
31%
VVSKalash Criminel
28%
La tchatche / Les 4 fantastiques / C'est maintenantL'Algérino
28%
Bogota / Toda la noche / CosaMorad
28%
Cet hiver / Costa Brava / 4 anneaux / Pochon bleu / Elle t'a piqué13ème Art
25%
G700Dadju
25%
Le classico organiséGuy2bezbar
23%
GadayeDA Uzi
20%
On passe le temps / ChiwawaMister You
20%
Coeur de pirate / Mexico / War zoneThabiti
20%
Pour euxVald
20%
ChironWejdene
19%
Le monde est à nousGips
16%
Le sens des affairesRim'K
16%
On a l'habitude / Coeur de pirateVegedream
16%
Sur le banc / La chica / À la tienne / LV / Elle t'a piqué / Enfant du block / TranquilleDika
14%
Dua LipaImen ES
14%
Où ça ? / Ça fait longtimeNej
14%
Malade / Mal barrés / War zone / Enfant du blockAM La Scampia
13%
Coeur de pirate / Ma PlayNaza
13%
Elle t'a piquéRais
13%
Coeur de pirateTayc
13%
HaziGuirri mafia
11%
Cet hiver / Gros mythoHooss
11%
BebetoKendji Girac
11%
Coeur de pirateLynda
11%
Paroles paroles / En bas d'chez moiZaho
11%
Ça suffit pasBenab
9%
VamosBosh
9%
Mi CorazonBramsito
9%
Quitte à les décevoirMoubarak
9%
13 ballesDadinho
6%
Ma LifeGLK
6%
Ma PlayKeblack
6%
Hasta Luego / Pochon bleu / Hashtag / PotoRaisse
6%
6 litres 3Arco
5%
Mani / Quitte à les décevoirManny
5%
Oulala / Elle t'a piquéMessao
5%
Coeur de pirateSAF
5%
C'est maintenantSat
5%
Quitte à les décevoir / 13 ballesA-Deal
3%
Quitte à les décevoirDenzo
3%
13 ballesDiego
3%
On se connaîtGambino La MG
3%
C'est maintenantKamikaz
3%
Quitte à les décevoirRémy
3%
KalalaSifax
3%
13 ballesZak
3%
AngelinaAmine
2%
On se connaît / War zoneAs
2%
Elle t'a piquéBayssou
2%
Bye bye / Mito / Marseille Oran New YorkDj Kayz
2%
VamosDJ Quick
2%
HeetchFriz
2%
Je suis craméIvory
2%
On se connaîtKalash l'Afro
2%
Je repense à toutMedi Meyz
2%
13 ballesMoh
2%
On se connaîtAketo
0%
On se connaîtAladin 135
0%
Quitte à les décevoirAP du 113
0%
6 litres 3Asker
0%
Bye byeAymane Serhani
0%
HeetchBanguiz
0%
HeetchDemon One
0%
Ma lifeDJ Klassik
0%
FuegoDj Mam's
0%
Marseille Oran New YorkFransisco
0%
HeetchKiliam
0%
PoropopKliffzivziv
0%
HeetchLesram
0%
Quitte à les décevoirM.O Bourbier
0%
HeetchMokobé
0%
Quitte à les décevoirOussagaza
0%
On se connaîtSheïr
0%
MitoSidiki Diabaté
0%
On se connaîtStone Black
0%
FuegoYos
0%
War zoneZbig
0%

Distribution des résultats

Percentile par nombre de réponses

% des personnes avec chaque résultat

Votre développement - résultats

Vous n’avez pas pris ce quiz